1391 1133 1592 1856 1474 1205 1105 1524 1905 1496 1022 1592 1332 1839 1194 1025 1988 1144 1997 1146 1810 1074 1375 1398 1677 1152 1797 1036 2000 1286 1703 1780 1471 1268 1925 1939 1767 1649 1611 1422 1941 1988 1319 1867 1900 1513 1464 1291 1217 1402 1975 1875 1353 1884 1571 1252 1881 1249 1263 1518 1267 1765 1323 1666 1616 1681 1409 1332 1079 1726 1522 1161 1217 1602 1526 1644 1149 1525 1465 1012 1258 1671 1249 1429 1219 1979 1132 1144 1550 1830 1865 1870 1883 1487 1584 1428 1192 1510 1102 BCNSPRNW ULIB Ver.6.0+V

เปลี่ยนเป็นภาษาไทย

Change to English
 แสดงรายละเอียดบรรณานุกรม
  กลับหน้าหลัก

Brief Record : Get Marc (ISO 2709) : E-mail record : QR code < ปิดหน้าต่าง
LEADER : 00000nam 2200000uu 4500
001    13399120438
003     ULIB
008    120920s2548||||th 000 0 tha d
020    ^a9749940601
060 04 ^aWB115^bจ548ธ 2548
110 1  ^aจุฬาลงกรณ์มหาวิทยาลัย^bคณะแพทย์ศาสตร์^bภาควิชาอายุรศาสตร์
245 00 ^aเวชศาสตร์ร่วมสมัย 2548:การประชุมวิชาการประจำปีครั้งที่ 46=^bFrom Basic Science to Clinical Practice /^cบรรณาธิการ, ธานินทร์ อินทรกำชัย,ชุษณา สวนกระต่าย
246 14 ^aFrom Basic Science to Clinical Practice
250    ^aพิมพ์ครั้งที่ 1
260    ^aกรุงเทพฯ :^bภาควิชาศัลยศาสตร์ คณะแพทยศาสตร์จุฬาลงกรณ์มหาวิทยาลัย,^c2548
300    ^a219 หน้า :^bภาพประกอบ .
500    ^aชื่อเรืองที่ปกนอก: เวชศาสตร์ร่วมสมัย 2548 :การประชุมวิชาการประจำปี ครั้งที่ 46 คณะแพทยศาสตร์ จุฬาลงกรณ์มหาวิทยาลัย 23-27 มิถุนายน 2546
650  7 ^aโรคไหลตาย
650  7 ^aโรคไข้เลือดออกในผู้ใหญ่
650  7 ^aมะเร็งปอด
650  7 ^aท้องผูกจากโรคลำไส้ผิดปกติ
650  7 ^aไขมันในเลือด
700 0  ^aธานินทร์ อินทรกำชัย,^eบรรณาธิการ
700 0  ^aชุษณา สวนกระต่าย,^eบรรณาธิการ
711 2  ^aการประชุมวิชาการประจำปีคณะแพทยศาสตร์ จุฬาลงกรณ์มหาวิทยาลัย^n(ครั้งที่ 46 :^d2548 :^cกรุงเทพฯ)
945    ^p0^l0^i13844
995    ^aกัณชพร
999 ^a ใช้งานได้ทุกระบบ
รายการนี้ยังไม่มีแท็ก
คุณยังไม่ได้ล็อกอิน คุณสามารถมีกิจกรรมร่วมกับเว็บไซต์ได้ แต่ต้องล็อกอินก่อน ::
  ล็อกอิน

รายการสื่อสารสนเทศ

ลำดับที่ ประเภท เลขเรียก/บาร์โค้ด สถานที่ สถานะ
1. วิทยาศาสตร์การแพทย์ และสุขภาพ
วิทยาศาสตร์การแพทย์ และสุขภาพ
WB115 จ548ธ 2548 ฉ.2 
  Barcode: 13844
ห้องสมุดวิทยาเขตสวรรค์ประชารักษ์
►หนังสือทั่วไป
ถูกยืม กำหนดส่งวันที่ 11 พฤษภาคม 2558
  จอง

รายการใกล้เคียง
    หัวเรื่อง [ไขมันในเลือด]

BibComment


ยังไม่เคยถูกคอมเมนท์

คอมเมนท์ทรัพยากรรายการนี้
  คอมเมนท์: เวชศาสตร์ร่วมสมั..


 Copyright 2026. Bcnsprnw @Library